MAASAI MARA UNIVERSITY

LIBRARY CATALOGUE

Contact Us: +254 020 2685356/7 or 0774 057787

Box: 861-20500, NAROK, KENYA

Email: info@mmarau.ac.ke

_Instructional media and technologies for learning .-6th ed. Heinich,Robert (Record no. 13987)

MARC details
000 -LEADER
fixed length control field 00500nam a2200169Ia 4500
008 - FIXED-LENGTH DATA ELEMENTS--GENERAL INFORMATION
fixed length control field 151021s9999 xx 000 0 und d
020 ## - INTERNATIONAL STANDARD BOOK NUMBER
International Standard Book Number 138591598
050 ## - LIBRARY OF CONGRESS CALL NUMBER
Classification number LB1028.3 .H45 1999
245 ## - TITLE STATEMENT
Title _Instructional media and technologies for learning .-6th ed. Heinich,Robert
260 ## - PUBLICATION, DISTRIBUTION, ETC. (IMPRINT)
Place of publication, distribution, etc. New Jersey Merrill 1999
300 ## - PHYSICAL DESCRIPTION
Extent xix,428p.;ill
500 ## - GENERAL NOTE
General note Includes index.
500 ## - GENERAL NOTE
General note Includes index.
650 ## - SUBJECT ADDED ENTRY--TOPICAL TERM
Topical term or geographic name as entry element _Media
700 ## - ADDED ENTRY--PERSONAL NAME
Personal name _Michael,Robert
980 ## - EQUIVALENCE OR CROSS-REFERENCE-SERIES STATEMENT--PERSONAL NAME/TITLE [LOCAL, CANADA]
Personal name ^d20130531 11:33:25^oanne

No items available.

© 2016 Maasai Mara University.